000
00325nam a22001337a 4500
008
171024b xxu||||| |||| 00| 0 eng d
020
_a
9780155005723
041
_a
eng
080
_2
6 ED
_a
311
100
_a
55
101
_a
STA
245
_a
FUNDAMENTAL STTISTICS FOR BEHAVIORAL SCIENCES
_c
MCMCAL..B
942
_2
udc
_c
BK
999
_c
35615
_d
35615